Introduction to Paddy Field Engineering / (Record no. 14757)
[ view plain ]
| 000 -LEADER | |
|---|---|
| fixed length control field | 00392nam a2200145Ia 4500 |
| 020 ## - INTERNATIONAL STANDARD BOOK NUMBER | |
| ISBN | 9748209113 |
| 040 ## - CATALOGING SOURCE | |
| Transcribing agency | OSU |
| 082 ## - DEWEY DECIMAL CLASSIFICATION NUMBER | |
| Classification number | 813 ASI 1992 A097 Or. |
| 100 1# - MAIN ENTRY--AUTHOR NAME | |
| Personal name | Koga, Kiyoshi |
| 245 10 - TITLE STATEMENT | |
| Title | Introduction to Paddy Field Engineering / |
| 260 ## - PUBLICATION, DISTRIBUTION, ETC. (IMPRINT) | |
| Place of publication | Bangkok, Thailand : |
| Name of publisher | Asian Institute of Technology, |
| Year of publication | 1992 |
| 300 ## - PHYSICAL DESCRIPTION | |
| Number of Pages | 130 p. ; |
| Dimensions | 26 cm |
| 650 #0 - SUBJECT ADDED ENTRY--TOPICAL TERM | |
| Topical Term | Irrigation engineering |
| 942 ## - ADDED ENTRY ELEMENTS (KOHA) | |
| Koha item type | សៀវភៅភាសាអង់គ្លេស |
No items available.